Oxford dictionary of English idioms
Na minha lista:
| Outros Autores: | |
|---|---|
| Formato: | Livro |
| Idioma: | inglês |
| Publicado em: |
Oxford
Oxford University Press
2010
|
| Edição: | 3rd ed. |
| Assuntos: | |
| Tags: |
Sem tags, seja o primeiro a adicionar uma tag!
|
MARC
| LEADER | 00000nam a2200000 4500 | ||
|---|---|---|---|
| 001 | 0191449 | ||
| 005 | 20230109100005.1 | ||
| 020 | |a 978-0-19-954378-6 | ||
| 041 | 0 | |a eng | |
| 044 | |a GB | ||
| 245 | 1 | 0 | |a Oxford dictionary of English idioms |c editor: John Ayto |
| 250 | |a 3rd ed. | ||
| 264 | 1 | |a Oxford |b Oxford University Press |c 2010 | |
| 300 | |a 408 s. | ||
| 610 | 2 | 0 | |a jazykoveda |
| 610 | 2 | 0 | |a terminológia |
| 610 | 2 | 0 | |a pojmy |
| 610 | 2 | 0 | |a angličtina |
| 700 | 1 | |a Ayto, John | |